<?xml version="1.0" encoding="UTF-8"?>
<record
    xmlns:xsi="http://www.w3.org/2001/XMLSchema-instance"
    xsi:schemaLocation="http://www.loc.gov/MARC21/slim http://www.loc.gov/standards/marcxml/schema/MARC21slim.xsd"
    xmlns="http://www.loc.gov/MARC21/slim">

  <leader>01145nam a2200313 i 4500</leader>
  <controlfield tag="001">85794</controlfield>
  <controlfield tag="005">20260317162712.0</controlfield>
  <controlfield tag="007">ta</controlfield>
  <controlfield tag="008">260317s2025    sp a     b    001 0deng d</controlfield>
  <datafield tag="017" ind1=" " ind2=" ">
    <subfield code="a">M 340-2025, </subfield>
    <subfield code="b">Oficina Dep&#xF3;sito Legal Madrid</subfield>
  </datafield>
  <datafield tag="020" ind1=" " ind2=" ">
    <subfield code="a">9788418760525</subfield>
  </datafield>
  <datafield tag="040" ind1=" " ind2=" ">
    <subfield code="a">ES-VgU </subfield>
    <subfield code="b">glg </subfield>
    <subfield code="c">ES-VgU </subfield>
    <subfield code="d">M-RABA</subfield>
  </datafield>
  <datafield tag="080" ind1=" " ind2=" ">
    <subfield code="a">76 Villafranca, Pedro de</subfield>
  </datafield>
  <datafield tag="100" ind1="1" ind2=" ">
    <subfield code="a">McDonald, Mark P., </subfield>
    <subfield code="e">autor</subfield>
    <subfield code="9">42323</subfield>
  </datafield>
  <datafield tag="245" ind1="1" ind2="0">
    <subfield code="a">Pedro de Villafranca : </subfield>
    <subfield code="b">printmaker at the Court of Philip IV /</subfield>
    <subfield code="c">Mark McDonald</subfield>
  </datafield>
  <datafield tag="260" ind1=" " ind2=" ">
    <subfield code="a">Madrid : </subfield>
    <subfield code="b">Centro de Estudios Europa Hisp&#xE1;nica (CEEH), </subfield>
    <subfield code="c">[2025]</subfield>
  </datafield>
  <datafield tag="300" ind1=" " ind2=" ">
    <subfield code="a">438 p. : </subfield>
    <subfield code="b">ilustraciones (en color y en blanco y negro) ; </subfield>
    <subfield code="c">28 cm</subfield>
  </datafield>
  <datafield tag="336" ind1=" " ind2=" ">
    <subfield code="a">Texto </subfield>
    <subfield code="b">txt </subfield>
  </datafield>
  <datafield tag="336" ind1=" " ind2=" ">
    <subfield code="a">Imaxe Fixa </subfield>
    <subfield code="b">sti </subfield>
  </datafield>
  <datafield tag="337" ind1=" " ind2=" ">
    <subfield code="a">sen mediaci&#xFFFD;on </subfield>
    <subfield code="b">n </subfield>
    <subfield code="2">rdamedia</subfield>
  </datafield>
  <datafield tag="338" ind1=" " ind2=" ">
    <subfield code="a">volume </subfield>
    <subfield code="b">nc </subfield>
    <subfield code="2">rdacarrier</subfield>
  </datafield>
  <datafield tag="504" ind1=" " ind2=" ">
    <subfield code="a">Bibliograf&#xED;a : pp. 413-425</subfield>
  </datafield>
  <datafield tag="546" ind1=" " ind2=" ">
    <subfield code="a">Texto en ingl&#xE9;s</subfield>
  </datafield>
  <datafield tag="600" ind1="1" ind2="7">
    <subfield code="a">Villafranca Malag&#xF3;n, Pedro (</subfield>
    <subfield code="d">ca. 1615-1684)</subfield>
    <subfield code="9">38632</subfield>
  </datafield>
  <datafield tag="650" ind1="1" ind2="0">
    <subfield code="a">Pintores espa&#xF1;oles-</subfield>
    <subfield code="y">S. XVII-XVIII</subfield>
    <subfield code="9">109721</subfield>
  </datafield>
  <datafield tag="710" ind1="2" ind2=" ">
    <subfield code="a">Centro de Estudios Europa Hisp&#xE1;nica.</subfield>
    <subfield code="e">editor</subfield>
    <subfield code="9">60224</subfield>
  </datafield>
  <datafield tag="852" ind1=" " ind2=" ">
    <subfield code="a">M-RABA</subfield>
    <subfield code="j">I-1343</subfield>
  </datafield>
  <datafield tag="942" ind1=" " ind2=" ">
    <subfield code="c">FONDOMODER</subfield>
    <subfield code="n">0</subfield>
  </datafield>
  <datafield tag="952" ind1=" " ind2=" ">
    <subfield code="0">0</subfield>
    <subfield code="1">0</subfield>
    <subfield code="2">ddc</subfield>
    <subfield code="4">0</subfield>
    <subfield code="7">0</subfield>
    <subfield code="a">RABASF</subfield>
    <subfield code="b">RABASF</subfield>
    <subfield code="c">DP2</subfield>
    <subfield code="d">2026-03-17</subfield>
    <subfield code="e">D</subfield>
    <subfield code="i">46996</subfield>
    <subfield code="l">0</subfield>
    <subfield code="o">I-1343</subfield>
    <subfield code="p">1096890</subfield>
    <subfield code="r">2026-03-17 16:27:47</subfield>
    <subfield code="w">2026-03-17</subfield>
    <subfield code="y">FONDOMODER</subfield>
  </datafield>
  <datafield tag="999" ind1=" " ind2=" ">
    <subfield code="c">85794</subfield>
    <subfield code="d">85794</subfield>
  </datafield>
</record>
